| 000 | 00592nam a2200193 u 4500 | ||
|---|---|---|---|
| 001 | 000025237 | ||
| 005 | 20200930023642.0 | ||
| 008 | 110209s1980 ||| r 000 | spa d | ||
| 020 | _a031148573x | ||
| 040 |
_aDO-SdBNP _bspa _cBNPHU |
||
| 082 |
_axxx _bB877s |
||
| 100 | 1 |
_aBrown, Lester R. _941968 |
|
| 245 | 1 | 3 |
_aLa Biblia al día : _bnuevo testamento / _cLiving Bibles International. |
| 260 |
_a[S.l.] : _bMundo Hispano, _c1980. |
||
| 300 |
_axvi, 319, [13] p. ; : _bil. ; _c18 cm. |
||
| 500 | _aEdición para evangelizar. | ||
| 610 |
_aLiving Bibles International _951727 |
||
| 049 | _aBNGR | ||
| 999 |
_c24730 _d24730 |
||